00503nam a2200181 a 4500001001300000003000900013005001700022008004100039020002300080082001500103100001800118245006600136260003400202300000900236500003500245650002300280700001800303nice12345678IN_TiNIC20260116014452.0070413s2005 newa grp 000 0 eng  a8190227297 c45000a297.1bERN aErnst, Carl W aFollowing Muhammad Rethinking Islam in the Contemporary World aNew Delhi bYoda Press c2005 a244p aincludes index and biblioraphy aIslam-20th Century1 aErnst, Carl W